HCHS Dante's Circles of Hell Quiz Stats

Quiz not verified by Sporcle

Challenge
Share
Tweet
Embed
Score 0/10 Timer 10:00
0 Plays Today
Info Circle % Correct
Dante's tour guideVirgil
94.4%
Limbo/across the river Acheron/virtuous non-Christians & unbaptized children/7-gated castle/Socrates, Homer, Aristotle, Cicero, Julius Caesar, HippocratesFirst Circle
91.7%
For the sin of gluttony/Cerebus tears at victims with teeth & claws/icy rain & slush/Ciacco tells Dante the Guelphs (pro-Pope) will defeat the Ghibellines (pro-Emperor) in FlorenceThird Circle
91.7%
For the sin of lust/hurricane-like storm as punishment for their lack of self-control in life/Cleopatra, Helen of Troy, TristanSecond Circle
88.9%
For the sin of greed/Plutus (wolf-like demon of wealth) guards level/those who hoarded wealth & those who lavishly spent it/Dante sees many clergymen including popes & cardinalsFourth Circle
88.9%
For fraud/arive riding on Geryon/Malebolge divided into 10 Bolgias/seducers, pimps, hypocrits, simonists, magicians, thieves/various punishments including leprosyEighth Circle
88.9%
For the sin of anger/river Styx runs through it/transported by Phlegyas across/meet Filippo Argenti, Florentine politician who took Dante's property after his expulsion from cityFifth Circle
86.1%
For heresy/City of Dis/the Furies dwell here/burning tombs contain heretics/Epicurus, Emperor Frederick II, and Pope Anastasius IISixth Circle
86.1%
For violence/guarded by Minotaur/encircled by river Phlegethon (boiling blood)/murderers, tyrants, suicides, sodomites, blasphemers/Alexander the Great, Centaurus/Guy de MontfortSeventh Circle
86.1%
Cocytus/for treachery/Satan wings flap creating thick ice/Satan's 3 faces are chewing on Judas, Brutus, & Cassius/4 levels named for Cain, Anthenor of Troy, Ptolemy, & JudasNinth Circle
86.1%

You're not logged in!

Compare scores with friends on all Sporcle quizzes.
Join for Free
OR
Log In

You Might Also Like...

Show Comments

Extras

Created May 3, 2014ReportNominate
Tags:circle, dante, hell

Top Quizzes Today


Score Distribution

Your Account Isn't Verified!

In order to create a playlist on Sporcle, you need to verify the email address you used during registration. Go to your Sporcle Settings to finish the process.

Report this User

Report this user for behavior that violates our Community Guidelines.

Details: